00385 a2200133 450000500170000002000180001708200110003510000180004624500450006425000130010926000550012230000500017770000240022720250625104117.0 a0-07-557536-1 a425WER aWERNER, P. K. aInteractions II A Communicative Grammar, a5th Ed.  aNew York,bMcGraw- Hill Publishing Company,c1990. axii, 363p,: ill.; figure picturebIndexc23cm aCHURCH, M. M et al.